[Event "5. Campeonato Iberoamericano 2014"]
[Site "Linares ESP"]
[Date "2014.07.23"]
[Round "2.21"]
[White "Ruiz C, Joshua D"]
[Black "Barria Zuniga, Daniel"]
[Result "1/2-1/2"]
[WhiteElo "2374"]
[BlackElo "2439"]
[PlyCount "54"]
[EventDate "2014.07.22"]
[EventType "swiss"]
[EventRounds "9"]
[EventCountry "ESP"]
[Source "lmi"]
[SourceDate "2014.07.22"]

1. e4 e6 2. d4 d5 3. Nc3 Bb4 4. e5 Ne7 5. a3 Bxc3+ 6. bxc3 c5 7. Qg4 O-O 8. Bd3
Nd7 9. Bh6 Ng6 10. Bxg6 fxg6 11. Bd2 Nb6 12. Ne2 Nc4 13. Bg5 Qe8 14. h4 Qf7 15.
Qf4 b6 16. Qxf7+ Rxf7 17. Bc1 Bd7 18. f4 Ba4 19. Ra2 h5 20. Rg1 Rc7 21. g4 hxg4
22. Rxg4 Kf7 23. Rg3 Rh8 24. Rg4 Rhc8 25. Rg3 Rh8 26. Rg4 Rhc8 27. Rg3 Rh8
1/2-1/2

[Event "5. Campeonato Iberoamericano 2014"]
[Site "Linares ESP"]
[Date "2014.07.23"]
[Round "2.22"]
[White "Valdes Romero, Leonardo"]
[Black "Juan Delgado, Adrian"]
[Result "1-0"]
[WhiteElo "2404"]
[BlackElo "1964"]
[PlyCount "103"]
[EventDate "2014.07.22"]
[EventType "swiss"]
[EventRounds "9"]
[EventCountry "ESP"]
[Source "lmi"]
[SourceDate "2014.07.22"]

1. Nf3 d5 2. g3 Nf6 3. Bg2 c5 4. O-O Nc6 5. d4 cxd4 6. Nxd4 e5 7. Nxc6 bxc6 8.
c4 Be6 9. Nc3 Qd7 10. Qa4 Rc8 11. cxd5 cxd5 12. Qxd7+ Kxd7 13. Rd1 Bb4 14. Nxd5
Bxd5 15. Bxd5 Nxd5 16. Rxd5+ Ke6 17. Rb5 Bc5 18. Bd2 Rhd8 19. Be1 Bb6 20. e3
Rc6 21. Bc3 f6 22. a4 a6 23. Rb3 Rd3 24. a5 Bd8 25. Rb7 Be7 26. Kf1 e4 27. Ra4
f5 28. Rb6 Kd7 29. Rxc6 Kxc6 30. Rc4+ Kb5 31. Rc7 Bf6 32. Rb7+ Ka4 33. b3+ Ka3
34. Bxf6 gxf6 35. Rb6 Rxb3 36. Rxa6 Rb5 37. Rxf6 Rxa5 38. Rf7 Kb3 39. Rxh7 Kc3
40. Rd7 Ra6 41. Kg2 Rh6 42. h3 Rg6 43. Rd5 Rf6 44. g4 fxg4 45. hxg4 Rf8 46. Rd4
Re8 47. Kg3 Re7 48. g5 Rg7 49. Rxe4 Rxg5+ 50. Kf3 Rg8 51. Rd4 Rg7 52. Rd8 1-0

[Event "5. Campeonato Iberoamericano 2014"]
[Site "Linares ESP"]
[Date "2014.07.23"]
[Round "2.23"]
[White "Pereira, Antonio Pedro Caram"]
[Black "Gavilan Diaz, Mario"]
[Result "1/2-1/2"]
[WhiteElo "2132"]
[BlackElo "2287"]
[PlyCount "79"]
[EventDate "2014.07.22"]
[EventType "swiss"]
[EventRounds "9"]
[EventCountry "ESP"]
[Source "lmi"]
[SourceDate "2014.07.22"]

1. Nf3 Nf6 2. c4 g6 3. g3 Bg7 4. Bg2 O-O 5. O-O d6 6. d4 Nc6 7. d5 Na5 8. Qa4
c5 9. Bd2 b6 10. Bc3 Bd7 11. Qc2 a6 12. Nbd2 b5 13. b3 Rb8 14. Rac1 Ne8 15. e4
Qb6 16. Bxg7 Nxg7 17. Rfe1 bxc4 18. Nxc4 Nxc4 19. Qxc4 f6 20. Nd2 a5 21. Rb1
Ne8 22. Bf1 Nc7 23. Qc2 Nb5 24. Bxb5 Bxb5 25. Kg2 Qa6 26. Qc3 a4 27. h4 h5 28.
Re3 Bd7 29. Ree1 Rb4 30. Rbc1 Rfb8 31. Qe3 Kg7 32. Rc3 axb3 33. axb3 Qa2 34.
Rec1 Rd4 35. Nf3 Rbb4 36. R3c2 Qa3 37. Nxd4 Rxd4 38. Rc3 Qb2 39. R3c2 Qa3 40.
Rc3 1/2-1/2

[Event "5. Campeonato Iberoamericano 2014"]
[Site "Linares ESP"]
[Date "2014.07.23"]
[Round "2.24"]
[White "Leon Hoyos, Manuel"]
[Black "Lopez Mulet, Inigo"]
[Result "1/2-1/2"]
[WhiteElo "2517"]
[BlackElo "2178"]
[PlyCount "122"]
[EventDate "2014.07.22"]
[EventType "swiss"]
[EventRounds "9"]
[EventCountry "ESP"]
[Source "lmi"]
[SourceDate "2014.07.22"]

1. e4 e6 2. d4 d5 3. Nd2 c5 4. Ngf3 cxd4 5. exd5 Qxd5 6. Bc4 Qd8 7. O-O Nc6 8.
Nb3 Nf6 9. Nbxd4 Nxd4 10. Nxd4 Bc5 11. Nb3 Qxd1 12. Rxd1 Bb6 13. Bb5+ Bd7 14.
Bxd7+ Nxd7 15. a4 a6 16. Bd2 Rc8 17. Bc3 Nf6 18. Rac1 O-O 19. Bxf6 gxf6 20. Rd7
Rfd8 21. Rxd8+ Rxd8 22. Kf1 Rd5 23. Re1 f5 24. Re2 Rd1+ 25. Re1 Rd5 26. f4 Kf8
27. Ke2 Ke7 28. Rf1 Rd8 29. Nd2 Rg8 30. Kf3 Rd8 31. Nc4 Ba7 32. c3 Rc8 33. Nd2
Rd8 34. Ke2 Rg8 35. g3 Rc8 36. Rd1 h5 37. c4 h4 38. b4 hxg3 39. hxg3 f6 40. Rh1
Rf8 41. a5 e5 42. c5 Bb8 43. Ke3 Rf7 44. Nc4 Rg7 45. Kf3 Ke6 46. fxe5 Bxe5 47.
Nxe5 fxe5 48. Rh6+ Kd5 49. Rd6+ Kc4 50. c6 bxc6 51. Rxc6+ Kxb4 52. Rxa6 e4+ 53.
Kf2 Kb5 54. Rf6 Kxa5 55. Rxf5+ Kb6 56. Re5 Rg4 57. Kg2 Kc6 58. Kh3 Kd6 59. Re8
Rg7 60. Rxe4 Kd5 61. Rg4 Rh7+ 1/2-1/2

[Event "5. Campeonato Iberoamericano 2014"]
[Site "Linares ESP"]
[Date "2014.07.24"]
[Round "3.1"]
[White "Bachmann, Axel"]
[Black "Escobar Forero, Alder"]
[Result "1-0"]
[WhiteElo "2652"]
[BlackElo "2460"]
[PlyCount "101"]
[EventDate "2014.07.22"]
[EventType "swiss"]
[EventRounds "9"]
[EventCountry "ESP"]
[Source "lmi"]
[SourceDate "2014.07.22"]

1. Nf3 d5 2. g3 Bg4 3. Bg2 Nd7 4. d3 Ngf6 5. c4 e6 6. O-O Bd6 7. Nc3 O-O 8. h3
Bxf3 9. Bxf3 c6 10. Bg2 Re8 11. e3 a6 12. b3 Qe7 13. a3 Rad8 14. Bb2 Bb8 15. d4
Nf8 16. Qc2 e5 17. dxe5 Bxe5 18. cxd5 cxd5 19. Rfd1 Rc8 20. Qd3 Red8 21. Rac1
Qe6 22. Na4 Bxb2 23. Nxb2 Rxc1 24. Rxc1 Qe7 25. b4 Ne6 26. Na4 h5 27. Nc5 Rc8
28. Bxd5 Rd8 29. Nxe6 fxe6 30. Bxe6+ Kf8 31. Rc8 Rxc8 32. Bxc8 Qc7 33. Bf5 b5
34. h4 Qc1+ 35. Kh2 Qb2 36. Qd6+ Kf7 37. Qe6+ Kf8 38. Kg2 Ng4 39. Qd6+ Kg8 40.
Qd5+ Kf8 41. Qa8+ Ke7 42. Bxg4 hxg4 43. Qxa6 Qe2 44. Qb7+ Kf6 45. Qc6+ Kf7 46.
Qd5+ Ke7 47. Qe5+ Kf7 48. Qf5+ Ke7 49. e4 Ke8 50. e5 Ke7 51. e6 1-0

[Event "5. Campeonato Iberoamericano 2014"]
[Site "Linares ESP"]
[Date "2014.07.24"]
[Round "3.2"]
[White "Cori, Jorge"]
[Black "Gonzalez Acosta, Bernal"]
[Result "0-1"]
[WhiteElo "2608"]
[BlackElo "2458"]
[PlyCount "136"]
[EventDate "2014.07.22"]
[EventType "swiss"]
[EventRounds "9"]
[EventCountry "ESP"]
[Source "lmi"]
[SourceDate "2014.07.22"]

1. d4 d5 2. Nf3 Nf6 3. c4 c6 4. e3 g6 5. Nc3 Bg7 6. Qb3 O-O 7. cxd5 cxd5 8. Bd2
Nc6 9. Rc1 e6 10. Bd3 Re8 11. O-O Na5 12. Qd1 a6 13. Na4 Nc4 14. Bxc4 dxc4 15.
b3 cxb3 16. Qxb3 Nd7 17. e4 b5 18. Nc3 Nb6 19. Bg5 Qd7 20. Rfd1 Bb7 21. Ne5 Qd6
22. Bf4 Qe7 23. Rb1 Rac8 24. f3 Nc4 25. Nxc4 Rxc4 26. Ne2 Rec8 27. Be3 f5 28.
Qd3 fxe4 29. fxe4 Qh4 30. Ng3 Rc3 31. Qe2 Bxe4 32. Bg5 Qxg5 33. Qxe4 Qd5 34.
Rd2 Qxe4 35. Nxe4 R3c4 36. Rbd1 Rd8 37. Ng5 Rcxd4 38. Rxd4 Rxd4 39. Re1 e5 40.
Ne6 Rd6 41. Nxg7 Kxg7 42. Rxe5 Rd1+ 43. Kf2 Rd2+ 44. Kf3 Kf6 45. Rc5 Rxa2 46.
h4 h5 47. Rc6+ Kg7 48. Rb6 Ra4 49. g3 b4 50. g4 hxg4+ 51. Kxg4 b3+ 52. Kg3 Ra3
53. Kg4 Kh7 54. Rb8 Kh6 55. Rh8+ Kg7 56. Rb8 Kf6 57. Rb6+ Kf7 58. Kf4 a5 59.
Kg5 a4 60. Rb7+ Ke6 61. Kxg6 Ra1 62. h5 Rg1+ 63. Kh6 Rg3 64. Rb6+ Kd5 65. Rg6
Rh3 66. Rg5+ Kc4 67. Rg4+ Kb5 68. Rg8 a3 0-1

[Event "5. Campeonato Iberoamericano 2014"]
[Site "Linares ESP"]
[Date "2014.07.24"]
[Round "3.4"]
[White "Milos, Gilberto"]
[Black "Hoffman, Alejandro"]
[Result "1-0"]
[WhiteElo "2583"]
[BlackElo "2450"]
[PlyCount "85"]
[EventDate "2014.07.22"]
[EventType "swiss"]
[EventRounds "9"]
[EventCountry "ESP"]
[Source "lmi"]
[SourceDate "2014.07.22"]

1. d4 d6 2. Nf3 Nf6 3. c4 Nbd7 4. Nc3 e5 5. e4 Be7 6. Be2 O-O 7. O-O c6 8. Re1
a6 9. Rb1 Re8 10. b4 exd4 11. Nxd4 c5 12. bxc5 Nxc5 13. f3 Be6 14. Be3 Qc7 15.
Qd2 Rac8 16. Rec1 Qb8 17. Rc2 Bd8 18. Qc1 Ba5 19. Nd1 Qc7 20. Qa3 Bb6 21. Nc3
Ncd7 22. Na4 Ba7 23. Kh1 Bxd4 24. Bxd4 d5 25. exd5 Bxd5 26. Nb2 Qf4 27. Qc3 b5
28. c5 Bc6 29. Nd3 Qg5 30. Qd2 Qxd2 31. Rxd2 a5 32. Kg1 h6 33. Kf2 Nd5 34. Nc1
b4 35. Nb3 Ra8 36. Ba1 N7f6 37. Nd4 Ba4 38. Rc1 Red8 39. Nf5 Bc6 40. Bxf6 gxf6
41. Bc4 Kf8 42. Rcd1 Ba4 43. Bb3 1-0

[Event "5. Campeonato Iberoamericano 2014"]
[Site "Linares ESP"]
[Date "2014.07.24"]
[Round "3.5"]
[White "Forcen Esteban, Daniel"]
[Black "Fernandez Garcia, Jose Miguel"]
[Result "0-1"]
[WhiteElo "2535"]
[BlackElo "2353"]
[PlyCount "82"]
[EventDate "2014.07.22"]
[EventType "swiss"]
[EventRounds "9"]
[EventCountry "ESP"]
[Source "lmi"]
[SourceDate "2014.07.22"]

1. d4 Nf6 2. Nf3 e6 3. e3 c5 4. Bd3 Nc6 5. O-O Be7 6. c4 O-O 7. d5 exd5 8. cxd5
Nb4 9. Bc4 b5 10. a3 bxc4 11. axb4 Qb6 12. bxc5 Bxc5 13. Ne5 Bb7 14. Nxc4 Qc7
15. Na5 Bxd5 16. Nc3 Be6 17. Ne2 Rab8 18. Nf4 Bb4 19. Bd2 Ne4 20. Bxb4 Rxb4 21.
Nd5 Bxd5 22. Qxd5 Nf6 23. Qd2 Rfb8 24. Rfc1 Qb6 25. b3 h6 26. h3 Rb5 27. Ra4
Rd5 28. Qc3 Qb5 29. Qc7 Rb6 30. e4 Nxe4 31. Rxe4 Qxa5 32. Re8+ Kh7 33. Qc2+ Rg6
34. Rf8 Rd2 35. Qe4 Rxf2 36. g4 Qb6 37. Rcc8 Rc2+ 38. Kh1 Rxc8 39. Rxc8 Qxb3
40. Kg2 Qe6 41. Qb4 Qe2+ 0-1

[Event "5. Campeonato Iberoamericano 2014"]
[Site "Linares ESP"]
[Date "2014.07.24"]
[Round "3.6"]
[White "Gemy, Jose Daniel"]
[Black "Alonso Rosell, Alvar"]
[Result "0-1"]
[WhiteElo "2330"]
[BlackElo "2531"]
[PlyCount "100"]
[EventDate "2014.07.22"]
[EventType "swiss"]
[EventRounds "9"]
[EventCountry "ESP"]
[Source "lmi"]
[SourceDate "2014.07.22"]

1. d4 Nf6 2. Nf3 c5 3. e3 g6 4. c3 Qc7 5. Nbd2 d5 6. Bd3 Bg7 7. O-O O-O 8. Qe2
Nbd7 9. h3 Re8 10. Re1 b6 11. b3 e5 12. dxe5 Nxe5 13. Nxe5 Qxe5 14. Bb2 Bb7 15.
Ba6 Qc7 16. Bxb7 Qxb7 17. c4 d4 18. Qf3 Qxf3 19. gxf3 Nh5 20. Rab1 dxe3 21.
fxe3 Bxb2 22. Rxb2 Nf4 23. Ne4 Rxe4 24. fxe4 Nd3 25. Ree2 Nxb2 26. Rxb2 Re8 27.
Rd2 Rxe4 28. Kf2 Re7 29. Rd6 Kf8 30. Rd8+ Kg7 31. a3 Kf6 32. Kf3 Ke6 33. Kf4 h6
34. Rh8 Rd7 35. Re8+ Kf6 36. Rc8 Rd3 37. Rc7 Rxb3 38. Rxa7 Rc3 39. Ra6 Rxc4+
40. Kf3 Ke5 41. Rxb6 Ra4 42. Rb3 c4 43. Rc3 Kd5 44. Kf4 Ra6 45. Kf3 Rf6+ 46.
Kg2 Rb6 47. Rc1 Rb3 48. Ra1 c3 49. Kf3 Kc4 50. a4 c2 0-1

[Event "5. Campeonato Iberoamericano 2014"]
[Site "Linares ESP"]
[Date "2014.07.24"]
[Round "3.7"]
[White "Del Rio De Angelis, Salvador G"]
[Black "Sos Andreu, Eric"]
[Result "1/2-1/2"]
[WhiteElo "2520"]
[BlackElo "2345"]
[PlyCount "63"]
[EventDate "2014.07.22"]
[EventType "swiss"]
[EventRounds "9"]
[EventCountry "ESP"]
[Source "lmi"]
[SourceDate "2014.07.22"]

1. d4 Nf6 2. c4 g6 3. Nc3 d5 4. Bf4 Bg7 5. e3 c5 6. dxc5 Qa5 7. Rc1 dxc4 8.
Bxc4 O-O 9. Nf3 Qxc5 10. Bb3 Nc6 11. O-O Qa5 12. Qe2 Nh5 13. Nd5 Nxf4 14. exf4
e6 15. Ne3 Qb4 16. Rc4 Qe7 17. Re4 Qc5 18. Rd1 b5 19. Ng4 Bb7 20. Re3 Rad8 21.
Re1 Nd4 22. Nxd4 Rxd4 23. Ne5 Bxe5 24. Rxe5 Qc6 25. f3 a6 26. Qe3 Rd6 27. f5
exf5 28. Rc1 Qb6 29. Qxb6 Rxb6 30. Rc7 Bc8 31. Bxf7+ Rxf7 32. Re8+ 1/2-1/2

[Event "5. Campeonato Iberoamericano 2014"]
[Site "Linares ESP"]
[Date "2014.07.24"]
[Round "3.8"]
[White "Pardo Simon, David"]
[Black "Anton Guijarro, David"]
[Result "1/2-1/2"]
[WhiteElo "2457"]
[BlackElo "2631"]
[PlyCount "87"]
[EventDate "2014.07.22"]
[EventType "swiss"]
[EventRounds "9"]
[EventCountry "ESP"]
[Source "lmi"]
[SourceDate "2014.07.22"]

1. d4 Nf6 2. c4 g6 3. Nc3 Bg7 4. e4 d6 5. Be2 O-O 6. Nf3 Bg4 7. Be3 Nfd7 8. Qb3
Qc8 9. O-O e5 10. dxe5 dxe5 11. Nd5 Nc6 12. Rfd1 Kh8 13. Rac1 f5 14. h3 Bxf3
15. Bxf3 f4 16. Bd2 Nd4 17. Qd3 Nc5 18. Qf1 Nxf3+ 19. gxf3 Ne6 20. Bc3 c6 21.
Nb4 Qc7 22. Rd2 Rad8 23. Rcd1 h5 24. b3 Kh7 25. Kh2 Qe7 26. Nd3 Rd7 27. Qg2
Rfd8 28. Nxe5 Bxe5 29. Rxd7 Rxd7 30. Rxd7 Qxd7 31. Bxe5 Qd2 32. a4 Qd3 33. a5
Qxb3 34. c5 Qc4 35. Bd6 Qc3 36. Qh1 Ng5 37. Qb1 Nxf3+ 38. Kg2 Nh4+ 39. Kh2 Nf3+
40. Kg2 Nh4+ 41. Kh2 b5 42. cxb6 Qd4 43. Kg1 axb6 44. Qd1 1/2-1/2

[Event "5. Campeonato Iberoamericano 2014"]
[Site "Linares ESP"]
[Date "2014.07.24"]
[Round "3.9"]
[White "Valdes Romero, Leonardo"]
[Black "Vazquez Igarza, Renier"]
[Result "0-1"]
[WhiteElo "2404"]
[BlackElo "2603"]
[PlyCount "96"]
[EventDate "2014.07.22"]
[EventType "swiss"]
[EventRounds "9"]
[EventCountry "ESP"]
[Source "lmi"]
[SourceDate "2014.07.22"]

1. Nf3 Nf6 2. g3 b6 3. Bg2 Bb7 4. O-O c5 5. c4 g6 6. Nc3 Bg7 7. d4 cxd4 8. Qxd4
d6 9. Rd1 Nbd7 10. Be3 Rc8 11. Rac1 a6 12. b3 O-O 13. Qh4 Rc7 14. g4 Rc8 15. h3
Re8 16. Bd4 Qc7 17. Be3 Qb8 18. g5 Nh5 19. Qg4 e6 20. Bd4 Bf8 21. Ne1 b5 22.
Bxb7 Qxb7 23. Ne4 bxc4 24. bxc4 Rc6 25. Ng2 Qc7 26. Bb2 Rb8 27. Ba1 d5 28. Nd2
Rc8 29. Ne3 Ne5 30. Bxe5 Qxe5 31. Rb1 dxc4 32. Ndxc4 Qc7 33. Nd2 Bc5 34. Ne4
Ba7 35. Ng2 Bb8 36. f3 Qh2+ 37. Kf2 Ba7+ 38. e3 Rc2+ 39. Rd2 Rxd2+ 40. Nxd2 Rc2
41. Rd1 Ng3 42. Qa4 Nf5 43. Qxc2 Bxe3+ 44. Ke1 Qg3+ 45. Ke2 Nd4+ 46. Kd3 Nxc2
47. Nxe3 Nxe3 48. Kxe3 Qxg5+ 0-1

[Event "5. Campeonato Iberoamericano 2014"]
[Site "Linares ESP"]
[Date "2014.07.24"]
[Round "3.10"]
[White "Cori T., Deysi"]
[Black "Ortiz Suarez, Isan Reynaldo"]
[Result "0-1"]
[WhiteElo "2414"]
[BlackElo "2592"]
[PlyCount "66"]
[EventDate "2014.07.22"]
[EventType "swiss"]
[EventRounds "9"]
[EventCountry "ESP"]
[Source "lmi"]
[SourceDate "2014.07.22"]

1. d4 f5 2. c4 Nf6 3. Nc3 g6 4. h4 Bg7 5. h5 Nxh5 6. e4 Nf6 7. e5 Ne4 8. Nxe4
fxe4 9. Qg4 d5 10. e6 O-O 11. Qh4 h5 12. g4 Bxd4 13. Nh3 e3 14. gxh5 exf2+ 15.
Ke2 Bf6 16. Qg4 dxc4 17. Qxg6+ Bg7 18. h6 Qd3+ 19. Qxd3 cxd3+ 20. Kd1 Be5 21.
Ng5 Nc6 22. Bxd3 Nd4 23. h7+ Kh8 24. Nf7+ Rxf7 25. exf7 Bg4+ 26. Kd2 Rf8 27.
Ke3 Rxf7 28. Bd2 Rf3+ 29. Ke4 Bf6 30. Bc3 Bf5+ 31. Kd5 c6+ 32. Kc5 b6+ 33. Kb4
Bxd3 0-1

[Event "5. Campeonato Iberoamericano 2014"]
[Site "Linares ESP"]
[Date "2014.07.24"]
[Round "3.11"]
[White "Espinosa Aranda, Angel"]
[Black "Ibarra Jerez, Jose Carlos"]
[Result "1/2-1/2"]
[WhiteElo "2388"]
[BlackElo "2521"]
[PlyCount "61"]
[EventDate "2014.07.22"]
[EventType "swiss"]
[EventRounds "9"]
[EventCountry "ESP"]
[Source "lmi"]
[SourceDate "2014.07.22"]

1. e4 e6 2. d4 d5 3. Nc3 Bb4 4. Nge2 Nc6 5. a3 Ba5 6. exd5 exd5 7. Nf4 Nf6 8.
Bb5 O-O 9. O-O Ne7 10. Bd3 Bf5 11. Nce2 c6 12. Ng3 Bxd3 13. Qxd3 Re8 14. Bd2
Ng6 15. Nxg6 hxg6 16. Rfe1 Bxd2 17. Qxd2 Qc7 18. Rxe8+ Rxe8 19. Re1 Qb6 20.
Rxe8+ Nxe8 21. Qb4 Qxb4 22. axb4 Nd6 23. b3 g5 24. f3 f6 25. Kf2 Kf7 26. Ke3
Ke6 27. c3 Nb5 28. Kd3 Nd6 29. Ke3 Nb5 30. Kd3 Nd6 31. Ke3 1/2-1/2

[Event "5. Campeonato Iberoamericano 2014"]
[Site "Linares ESP"]
[Date "2014.07.24"]
[Round "3.12"]
[White "Almagro Llamas, Pablo"]
[Black "Baules, Jorge"]
[Result "0-1"]
[WhiteElo "2492"]
[BlackElo "2317"]
[PlyCount "76"]
[EventDate "2014.07.22"]
[EventType "swiss"]
[EventRounds "9"]
[EventCountry "ESP"]
[Source "lmi"]
[SourceDate "2014.07.22"]

1. e4 c5 2. Nf3 d6 3. Bb5+ Bd7 4. Bxd7+ Qxd7 5. O-O g6 6. Re1 Bg7 7. c3 Nc6 8.
d4 cxd4 9. cxd4 Nf6 10. Nc3 O-O 11. Bg5 h6 12. Bh4 Nh5 13. d5 Ne5 14. Nxe5 Bxe5
15. Qd2 Qg4 16. Bg3 Nxg3 17. hxg3 h5 18. Qd3 h4 19. gxh4 Qxh4 20. g3 Qh3 21.
Ne2 Kg7 22. Rac1 Rh8 23. Qf3 Rh4 24. Rc7 Rah8 25. Rec1 Bxb2 26. R1c2 Bf6 27.
Rxb7 Qh1+ 28. Qxh1 Rxh1+ 29. Kg2 R8h2+ 30. Kf3 Rf1 31. Nf4 a5 32. Rb5 Bd4 33.
Nd3 Rd1 34. Ke2 Rg1 35. Kf3 Rd1 36. Rb3 f5 37. exf5 gxf5 38. Rc4 Rxd3+ 0-1

[Event "5. Campeonato Iberoamericano 2014"]
[Site "Linares ESP"]
[Date "2014.07.24"]
[Round "3.14"]
[White "Matamoros Franco, Carlos S"]
[Black "Hernandez Estevez, Yudania"]
[Result "1/2-1/2"]
[WhiteElo "2525"]
[BlackElo "2258"]
[PlyCount "65"]
[EventDate "2014.07.22"]
[EventType "swiss"]
[EventRounds "9"]
[EventCountry "ESP"]
[Source "lmi"]
[SourceDate "2014.07.22"]

1. c4 e5 2. g3 Nc6 3. Nc3 Bc5 4. Bg2 a6 5. Nf3 d6 6. O-O Nf6 7. d3 Ba7 8. a3
O-O 9. e3 Bg4 10. h3 Be6 11. b4 h6 12. Bb2 Re8 13. Rc1 Qd7 14. Kh2 Bf5 15. Qc2
Rac8 16. Rfd1 Bh7 17. Qb3 Ne7 18. d4 exd4 19. Nxd4 c6 20. Ba1 Bb8 21. Kg1 Rcd8
22. a4 Nf5 23. Nce2 Ne4 24. Qb2 f6 25. Nxf5 Bxf5 26. Nf4 Qe7 27. Qe2 Ba7 28.
Kh2 Ng5 29. h4 Nf7 30. Nd3 Be4 31. Qg4 Bxg2 32. Kxg2 Ne5 33. Nxe5 1/2-1/2

[Event "5. Campeonato Iberoamericano 2014"]
[Site "Linares ESP"]
[Date "2014.07.24"]
[Round "3.15"]
[White "Muniz, Rafael"]
[Black "Reinaldo Castineira, Roi"]
[Result "0-1"]
[WhiteElo "2272"]
[BlackElo "2486"]
[PlyCount "82"]
[EventDate "2014.07.22"]
[EventType "swiss"]
[EventRounds "9"]
[EventCountry "ESP"]
[Source "lmi"]
[SourceDate "2014.07.22"]

1. e4 c5 2. Nf3 Nc6 3. d4 cxd4 4. Nxd4 e5 5. Nb5 d6 6. c4 Be7 7. N1c3 a6 8. Na3
Nf6 9. Be2 Be6 10. O-O O-O 11. b3 Rc8 12. Bb2 Nd7 13. Nc2 Nc5 14. b4 Nd7 15. a3
Nb6 16. Nd5 Bg5 17. Bc1 Bxc1 18. Rxc1 Nd7 19. Nce3 g6 20. Bd3 Qg5 21. Kh1 Kg7
22. Qd2 h6 23. Qb2 Kh7 24. g3 h5 25. f4 Qh6 26. Qf2 Nd4 27. Ne7 Rce8 28. N7f5
Bxf5 29. exf5 Nf6 30. fxg6+ fxg6 31. Rce1 h4 32. f5 e4 33. Bb1 Nf3 34. Re2 Nh5
35. gxh4 Qf4 36. fxg6+ Kg7 37. Nd5 Qg4 38. Ne3 Qh3 39. Qg2 Qxh4 40. Ref2 Ng3+
41. Qxg3 Qxg3 0-1

[Event "5. Campeonato Iberoamericano 2014"]
[Site "Linares ESP"]
[Date "2014.07.24"]
[Round "3.16"]
[White "Burgos Figueroa, Carlos E"]
[Black "Camacho Collados, Marcos"]
[Result "0-1"]
[WhiteElo "2258"]
[BlackElo "2440"]
[PlyCount "82"]
[EventDate "2014.07.22"]
[EventType "swiss"]
[EventRounds "9"]
[EventCountry "ESP"]
[Source "lmi"]
[SourceDate "2014.07.22"]

1. e4 d5 2. exd5 Qxd5 3. Nc3 Qd6 4. g3 e5 5. Bg2 a6 6. Nge2 Nc6 7. d3 Nf6 8. h3
Be6 9. Bg5 Nd5 10. Qd2 f6 11. Be3 Nxe3 12. fxe3 O-O-O 13. O-O-O Be7 14. e4 Qd7
15. Nd5 Bc5 16. Qc3 Qd6 17. Qb3 Nd4 18. Nxd4 Bxd4 19. Qa4 Bc5 20. a3 c6 21. Nc3
Qc7 22. h4 Kb8 23. Bh3 Bf7 24. Ne2 Rd6 25. c4 Rhd8 26. Qc2 b5 27. Kb1 Qb6 28.
Nc3 Bd4 29. cxb5 axb5 30. Ne2 Be3 31. Nc1 b4 32. axb4 Qxb4 33. Qc3 Qxc3 34.
bxc3 Bxc1 35. Kxc1 Rxd3 36. Rxd3 Rxd3 37. Rd1 Rxc3+ 38. Kb2 Rb3+ 39. Kc2 Rxg3
40. Rd8+ Kc7 41. Rd7+ Kb6 0-1

[Event "5. Campeonato Iberoamericano 2014"]
[Site "Linares ESP"]
[Date "2014.07.24"]
[Round "3.17"]
[White "Barria Zuniga, Daniel"]
[Black "Herrera Reyes, Jose Antonio"]
[Result "1-0"]
[WhiteElo "2439"]
[BlackElo "2239"]
[PlyCount "51"]
[EventDate "2014.07.22"]
[EventType "swiss"]
[EventRounds "9"]
[EventCountry "ESP"]
[Source "lmi"]
[SourceDate "2014.07.22"]

1. c4 Nf6 2. Nc3 g6 3. d4 Bg7 4. e4 d6 5. Be2 O-O 6. Bg5 h6 7. Be3 c6 8. Qd2
Kh7 9. f3 a6 10. O-O-O b5 11. e5 Ne8 12. f4 Nc7 13. Nf3 Nd7 14. h4 Nb6 15. h5
Kg8 16. hxg6 fxg6 17. f5 g5 18. g4 Nxc4 19. Bxc4+ bxc4 20. Bxg5 hxg5 21. Qh2
Rf7 22. Nxg5 Qe8 23. Qh7+ Kf8 24. Qg6 e6 25. f6 Kg8 26. Rh8+ 1-0

[Event "5. Campeonato Iberoamericano 2014"]
[Site "Linares ESP"]
[Date "2014.07.24"]
[Round "3.18"]
[White "Lopez Azambuja, Nicolas"]
[Black "Roselli Mailhe, Bernardo"]
[Result "0-1"]
[WhiteElo "2255"]
[BlackElo "2425"]
[PlyCount "84"]
[EventDate "2014.07.22"]
[EventType "swiss"]
[EventRounds "9"]
[EventCountry "ESP"]
[Source "lmi"]
[SourceDate "2014.07.22"]

1. d4 Nf6 2. c4 Nc6 3. Nf3 e6 4. Nc3 Bb4 5. Qc2 d6 6. Bd2 O-O 7. a3 Bxc3 8.
Bxc3 Qe7 9. e3 e5 10. d5 Nb8 11. Nd2 c6 12. e4 Nh5 13. Be2 Nf4 14. Bf3 f5 15.
g3 Nh3 16. Bg2 f4 17. f3 h5 18. Bxh3 Bxh3 19. O-O-O Na6 20. Rhg1 cxd5 21. cxd5
Rac8 22. Kb1 Kh7 23. gxf4 Rxf4 24. Rg3 h4 25. Rxh3 Qd7 26. Rg3 hxg3 27. hxg3
Rf6 28. f4 Qg4 29. fxe5 dxe5 30. Rh1+ Rh6 31. Rxh6+ Kxh6 32. Qd3 Kh7 33. Ka2
Nc5 34. Qf1 Re8 35. Qb5 Qc8 36. Nf3 a6 37. Qf1 Qg4 38. Qh1+ Kg8 39. Nxe5 Qxe4
40. Qh5 Qxd5+ 41. Kb1 Rf8 42. Qg4 Ne4 0-1

[Event "5. Campeonato Iberoamericano 2014"]
[Site "Linares ESP"]
[Date "2014.07.24"]
[Round "3.19"]
[White "Garcia, Ricardo  Nca"]
[Black "Vega Gutierrez, Sabrina"]
[Result "0-1"]
[WhiteElo "2227"]
[BlackElo "2400"]
[PlyCount "100"]
[EventDate "2014.07.22"]
[EventType "swiss"]
[EventRounds "9"]
[EventCountry "ESP"]
[Source "lmi"]
[SourceDate "2014.07.22"]

1. Nf3 d5 2. c4 c6 3. e3 Nf6 4. d4 e6 5. Bd3 dxc4 6. Bxc4 Nbd7 7. O-O Bd6 8.
Nc3 O-O 9. e4 e5 10. Bb3 Qe7 11. Re1 Bc7 12. Be3 exd4 13. Bxd4 Ne5 14. Nxe5
Bxe5 15. Bxe5 Qxe5 16. Qd3 Be6 17. Bxe6 fxe6 18. Qg3 Qxg3 19. hxg3 e5 20. Red1
Rad8 21. f3 Kf7 22. Kf2 Ke7 23. Ke3 Rxd1 24. Rxd1 Nd7 25. f4 Rf6 26. Ne2 a5 27.
Nc1 Rg6 28. Kf3 Rd6 29. Rxd6 Kxd6 30. Nd3 b5 31. Ke3 c5 32. Ne1 c4 33. Nf3 h6
34. Nh4 Kc5 35. Nf3 Kd6 36. Nh4 b4 37. Nf5+ Kc5 38. Nxg7 a4 39. Ne6+ Kd6 40. f5
b3 41. axb3 c3 42. Kd3 cxb2 43. Kc2 a3 44. Nd8 Kc5 45. Ne6+ Kb6 46. g4 Nf6 47.
g5 Nxe4 48. f6 Nc3 49. Kxc3 b1=Q 50. f7 Qe1+ 0-1

[Event "5. Campeonato Iberoamericano 2014"]
[Site "Linares ESP"]
[Date "2014.07.24"]
[Round "3.20"]
[White "Arias, Daniel"]
[Black "Matnadze, Ana"]
[Result "0-1"]
[WhiteElo "2213"]
[BlackElo "2389"]
[PlyCount "74"]
[EventDate "2014.07.22"]
[EventType "swiss"]
[EventRounds "9"]
[EventCountry "ESP"]
[Source "lmi"]
[SourceDate "2014.07.22"]

1. e4 c5 2. Nf3 d6 3. d4 cxd4 4. Nxd4 Nf6 5. Nc3 Nc6 6. Bc4 Bd7 7. Bg5 Qa5 8.
Bxf6 gxf6 9. Nb3 Qg5 10. g3 f5 11. Qd5 e6 12. Qd2 Qxd2+ 13. Nxd2 fxe4 14. Ndxe4
O-O-O 15. Bf1 d5 16. Ng5 Be8 17. O-O-O Bg7 18. Ne2 Ne5 19. Nd4 Ng4 20. Nh3 h5
21. Be2 Bd7 22. Nb5 Kb8 23. Kb1 Bc6 24. Nd4 Bd7 25. Bb5 Bxd4 26. Bxd7 Bxf2 27.
Bb5 Be3 28. Rdf1 f5 29. Be2 h4 30. Nf4 Nf2 31. Rhg1 hxg3 32. hxg3 Ne4 33. Nxe6
Bxg1 34. Rxg1 Rdg8 35. a3 Nxg3 36. Bd3 Ne4 37. Re1 Re8 0-1